[Event "Reykjavik op"]
[Site "Reykjavik"]
[Date "2023.04.01"]
[Round "6"]
[White "Carlsson, Ludvig"]
[Black "Fuchs, Elmar"]
[Result "1-0"]
[WhiteElo "2375"]
[BlackElo "1973"]
[PlyCount "61"]
[EventDate "2023.03.29"]
[EventType "swiss"]
[EventRounds "9"]
[EventCountry "ISL"]
[SourceTitle "CBM 213 Extra"]
[Source "ChessBase"]
[SourceDate "2023.05.31"]
[SourceVersion "1"]
[SourceVersionDate "2023.05.31"]
[SourceQuality "1"]

1. e4 d6 2. d4 Nf6 3. Nc3 Nbd7 4. f4 e5 5. Nf3 exd4 6. Qxd4 c6 7. Bd2 d5 8. 0-0-0 Bc5 9. Qd3 0-0 10. exd5 Qc7 11. Ng5 Re8 12. dxc6 bxc6 13. Qc4 Rf8 14. Bd3 a5 15. Nce4 Nxe4 16. Bxe4 h6 17. Nxf7 Rxf7 18. Bg6 Nf8 19. Bxf7+ Qxf7 20. Qxc5 Be6 21. a3 Bf5 22. Kb1 Rb8 23. Bc3 Rb5 24. Qxc6 Qb3 25. Rd2 Ne6 26. Qe8+ Nf8 27. Rd8 Bxc2+ 28. Kc1 Rf5 29. Qe7 Rf7 30. Rxf8+ Rxf8 31. Qxg7# 1-0

[Event "DESC T0044 email"]
[Site "DESC email"]
[Date "2002.01.01"]
[Round "1"]
[White "Blankenberg, Bruno"]
[Black "Fuchs, Elmar"]
[Result "1-0"]
[WhiteElo "2072"]
[BlackElo "1933"]
[PlyCount "49"]
[EventDate "2002.??.??"]
[EventType "tourn (corr)"]
[EventRounds "8"]
[EventCountry "GER"]
[SourceTitle "Corr 2004"]
[Source "ChessBase"]
[SourceDate "2003.04.28"]
[SourceVersion "3"]
[SourceVersionDate "2003.04.28"]
[SourceQuality "1"]

1. e4 c6 2. Nc3 d5 3. Nf3 dxe4 4. Ng5 Bf5 5. g4 Bg6 6. Ngxe4 e6 7. Qe2 Nd7 8. d3 Bb4 9. Bd2 Qc7 10. 0-0-0 Ngf6 11. Nxf6+ Nxf6 12. h4 h5 13. g5 Nd7 14. Kb1 Qb6 15. Bh3 0-0-0 16. Bg2 Ba3 17. Bc1 Rhe8 18. Be4 Bxe4 19. Nxe4 g6 20. d4 Be7 21. Rh3 Qa5 22. Rf3 Rf8 23. Bd2 Qc7 24. Bf4 Qa5 25. Bd6 1-0

[Event "DESC T0044 email"]
[Site "DESC email"]
[Date "2002.01.01"]
[Round "1"]
[White "Brunner, Hermann"]
[Black "Fuchs, Elmar"]
[Result "0-1"]
[WhiteElo "1688"]
[BlackElo "1933"]
[PlyCount "110"]
[EventDate "2002.??.??"]
[EventType "tourn (corr)"]
[EventRounds "8"]
[EventCountry "GER"]
[SourceTitle "Corr 2004"]
[Source "ChessBase"]
[SourceDate "2003.04.28"]
[SourceVersion "3"]
[SourceVersionDate "2003.04.28"]
[SourceQuality "1"]

1. e4 c6 2. Nc3 d5 3. Nf3 dxe4 4. Ng5 Nf6 5. Bc4 e6 6. Qe2 Be7 7. Ngxe4 Nbd7 8. 0-0 Nb6 9. Bd3 Nfd5 10. Nxd5 cxd5 11. Bb5+ Bd7 12. Ng3 0-0 13. Bxd7 Qxd7 14. d4 Rac8 15. c3 Na4 16. Qg4 Kh8 17. Re1 b5 18. Re2 b4 19. Nh5 g6 20. Ng3 bxc3 21. bxc3 Nxc3 22. Re1 Rc4 23. Be3 Bf6 24. Ne2 Nxe2+ 25. Rxe2 Qa4 26. Rd2 Rfc8 27. Qd1 Qxd1+ 28. Raxd1 Kg7 29. f4 Rc2 30. Kf1 Bd8 31. Rxc2 Rxc2 32. Rd2 Rxd2 33. Bxd2 Bb6 34. Bc3 Kf6 35. Ke2 Ke7 36. g4 Kd6 37. a4 h5 38. h3 a6 39. Kf3 Ke7 40. Bb4+ Kf6 41. Bc3 hxg4+ 42. hxg4 g5 43. a5 Bc7 44. fxg5+ Kxg5 45. Be1 f6 46. Bd2+ Kg6 47. Kf2 e5 48. dxe5 fxe5 49. Kg2 Bd8 50. Bb4 Bg5 51. Kg3 d4 52. Kf3 d3 53. Bc3 Kf6 54. Bb4 Ke6 55. Kf2 Kd5 0-1

[Event "DESC T0044 email"]
[Site "DESC email"]
[Date "2002.01.01"]
[Round "1"]
[White "Fuchs, Elmar"]
[Black "Blankenberg, Bruno"]
[Result "0-1"]
[WhiteElo "1933"]
[BlackElo "2072"]
[PlyCount "50"]
[EventDate "2002.??.??"]
[EventType "tourn (corr)"]
[EventRounds "8"]
[EventCountry "GER"]
[SourceTitle "Corr 2004"]
[Source "ChessBase"]
[SourceDate "2003.04.28"]
[SourceVersion "3"]
[SourceVersionDate "2003.04.28"]
[SourceQuality "1"]

1. e4 c6 2. Nc3 d5 3. Nf3 dxe4 4. Ng5 e5 5. Ngxe4 f5 6. d3 fxe4 7. Qh5+ Kd7 8. Qf5+ Ke7 9. Qxe5+ Kf7 10. dxe4 Be6 11. Be2 Nf6 12. Qf4 Kg8 13. 0-0 Nbd7 14. Qg3 h5 15. Bg5 h4 16. Bxh4 Nxe4 17. Qg6 Ndf6 18. Nxe4 Rxh4 19. Nxf6+ Qxf6 20. Qxf6 gxf6 21. Rad1 Bc5 22. Bf3 Kf7 23. Rfe1 Rah8 24. h3 Rf4 25. Rd3 Bf5 0-1

[Event "DESC T0044 email"]
[Site "DESC email"]
[Date "2002.01.01"]
[Round "1"]
[White "Ster, Peter"]
[Black "Fuchs, Elmar"]
[Result "1-0"]
[WhiteElo "1965"]
[BlackElo "1933"]
[PlyCount "49"]
[EventDate "2002.??.??"]
[EventType "tourn (corr)"]
[EventRounds "8"]
[EventCountry "GER"]
[SourceTitle "Corr 2004"]
[Source "ChessBase"]
[SourceDate "2003.04.28"]
[SourceVersion "3"]
[SourceVersionDate "2003.04.28"]
[SourceQuality "1"]

1. e4 c6 2. Nc3 d5 3. Nf3 dxe4 4. Ng5 e5 5. Ngxe4 f5 6. Ng3 Nf6 7. Bc4 Bc5 8. Qe2 Qd6 9. d3 b5 10. Bb3 a5 11. a3 a4 12. Ba2 Bd4 13. 0-0 g6 14. Be3 Nbd7 15. Bxd4 Qxd4 16. Qf3 Qb6 17. Rae1 Bb7 18. Qf4 0-0-0 19. Qb4 h5 20. h4 Qd4 21. Qxd4 exd4 22. Nce2 c5 23. b4 Rhe8 24. bxc5 Nxc5 25. Bf7 1-0

[Event "DESC D0130 email"]
[Site "DESC email"]
[Date "2001.11.29"]
[Round "1"]
[White "Fuchs, Elmar"]
[Black "Grott, Peter"]
[Result "1/2-1/2"]
[WhiteElo "1918"]
[BlackElo "2014"]
[PlyCount "24"]
[EventDate "2001.??.??"]
[EventType "tourn (corr)"]
[EventRounds "4"]
[EventCountry "GER"]
[SourceTitle "Corr 2004"]
[Source "ChessBase"]
[SourceDate "2003.04.28"]
[SourceVersion "3"]
[SourceVersionDate "2003.04.28"]
[SourceQuality "1"]

1. e4 e5 2. Nf3 Nc6 3. d4 exd4 4. Nxd4 Qh4 5. Nb5 Bb4+ 6. Bd2 Qxe4+ 7. Be2 Kd8 8. 0-0 Bxd2 9. Nxd2 Qe5 10. Re1 Nf6 11. Bc4 Qf5 12. Nf3 Qc5 1/2-1/2

[Event "DESC T0057 email"]
[Site "DESC email"]
[Date "2001.10.15"]
[Round "?"]
[White "Fuchs, Elmar"]
[Black "Faber, Lutz"]
[Result "1-0"]
[WhiteElo "1880"]
[BlackElo "2043"]
[PlyCount "61"]
[EventDate "2001.??.??"]
[EventType "tourn (corr)"]
[EventRounds "8"]
[EventCountry "GER"]
[SourceTitle "Corr 2004"]
[Source "ChessBase"]
[SourceDate "2003.04.28"]
[SourceVersion "3"]
[SourceVersionDate "2003.04.28"]
[SourceQuality "1"]

1. d4 Nf6 2. c4 e5 3. dxe5 Ne4 4. a3 Qh4 5. g3 Qh5 6. Qd5 Nc5 7. Nd2 c6 8. Qd4 Ne6 9. Qc3 d6 10. exd6 Bxd6 11. Ngf3 Nd7 12. Bg2 Nf6 13. e4 Bc7 14. b4 0-0 15. Bb2 Re8 16. 0-0 Ng5 17. Nxg5 Qxg5 18. f4 Qg6 19. e5 Nd7 20. c5 Nf8 21. Nc4 Bf5 22. Nd6 Bxd6 23. cxd6 Nd7 24. Rac1 a6 25. h3 h5 26. Kh2 Re6 27. Bf3 Rc8 28. Rg1 Qh6 29. Rcf1 f6 30. Bd5 cxd5 31. Qxc8+ 1-0

[Event "DESC T0057 email"]
[Site "DESC email"]
[Date "2001.10.15"]
[Round "?"]
[White "Fuchs, Elmar"]
[Black "Schroeter, Rolf"]
[Result "1-0"]
[WhiteElo "1880"]
[BlackElo "1909"]
[PlyCount "55"]
[EventDate "2001.??.??"]
[EventType "tourn (corr)"]
[EventRounds "8"]
[EventCountry "GER"]
[SourceTitle "Corr 2004"]
[Source "ChessBase"]
[SourceDate "2003.04.28"]
[SourceVersion "3"]
[SourceVersionDate "2003.04.28"]
[SourceQuality "1"]

1. d4 Nf6 2. c4 e5 3. dxe5 Ne4 4. a3 d6 5. Nf3 Nc6 6. Qc2 Bf5 7. Nc3 Ng3 8. e4 Bxe4 9. Nxe4 Nxh1 10. Bg5 Qc8 11. exd6 cxd6 12. 0-0-0 f6 13. Be3 f5 14. Nc3 g6 15. Bd3 Nxf2 16. Bxf2 Bh6+ 17. Kb1 0-0 18. Nd5 Bg7 19. h4 Qd7 20. h5 b6 21. Nh4 Ne5 22. hxg6 hxg6 23. Bg3 Rf7 24. Bxe5 dxe5 25. Nxg6 e4 26. Be2 Qe6 27. Bh5 Rd7 28. Ngf4 1-0

[Event "DESC T0057 email"]
[Site "DESC email"]
[Date "2001.10.15"]
[Round "?"]
[White "Schroeter, Rolf"]
[Black "Fuchs, Elmar"]
[Result "1/2-1/2"]
[WhiteElo "1909"]
[BlackElo "1880"]
[PlyCount "38"]
[EventDate "2001.??.??"]
[EventType "tourn (corr)"]
[EventRounds "8"]
[EventCountry "GER"]
[SourceTitle "Corr 2004"]
[Source "ChessBase"]
[SourceDate "2003.04.28"]
[SourceVersion "3"]
[SourceVersionDate "2003.04.28"]
[SourceQuality "1"]

1. d4 Nf6 2. c4 e5 3. dxe5 Ng4 4. e4 Nxe5 5. Nf3 Nbc6 6. Nxe5 Nxe5 7. a3 Be7 8. Nc3 0-0 9. f4 Nc6 10. b4 d6 11. Bb2 Bf6 12. Bd3 Re8 13. 0-0 Bd4+ 14. Kh1 Qh4 15. Qd2 Bg4 16. Nd5 Bxb2 17. Qxb2 Rac8 18. Qf2 Qxf2 19. Rxf2 Nd4 1/2-1/2